000 00538cam a2200205ua 4500
001 96
008 110316n ii |||gr||||Z||||||eng
020 _a978-0-07-059369-5
020 _a0-07-059369-8
040 _cMAIN
245 _aProgramming with C.
_cBy Byron Sottfried.
250 _a2nd.
260 _aNew Delhi.:
_bMcgraw Hill.,
_c2007.
300 _axi, i7 p.:
_bill.;
_c20 cm.
653 _aComputer Science.
653 _aProgramming with C.
700 1 _aGottfried, Byron S.,
700 1 _aChhabra, Jitender Kumar.,
942 _cBK
999 _c87
_d87